Представление документа в формате RUSMARC

ПолеНазваниеЗначение
  Тип записи a
  Библиографический уровень m
001 Контрольный номер Book/12997
005 Дата корректировки 20230317133257.3
010 Индекс ISBN __
a ISBN 978-5-9533-3976-6
9 Тираж 5 000 экз.
b Уточнения в пер.
d Цена 256 р. 00 к.
090 Данные записи __
b Тип записи Книги
c Язык записи Русский
d Отрасль знаний (КСУ) Общ.-полит.
e Секретность Несекретно
g Вид записи Монография (однотомник)
100 Данные общей обработки __
a Данные общей обработки 20111019d2013 u u 1rusy ||||ca
101 Язык документа 0_
a Язык текста rus
105 Кодированные данные (монография) __
a Кодированные данные (монография) a z 000yy
200 Заглавие и сведения об ответственности 1_
a Заглавие 100 великих мыслей
f Первые сведения об ответственности авт.-сост. И. А. Мусский
210 Выходные данные 1_
a Место издания Москва
c Издательство Вече
d Дата издания 2009
215 Физическое описание __
a Объем 428 с.
225 Серия 1_
a Серия 100 великих
300 Общие примечания __
a Общие примечания 16+
606 Тематические рубрики 0_
a Основная рубрика Всемирная история
610 Ключевые слова 0_
a Ключевые слова история всемирная; мысли великих; история
686 Индексы других классификаций __
a Классификационный индекс 63.3(0)
2 Код системы rubbk
801 Источник записи _0
a Страна RU
b Организация МБУК ЦБС г. Ульяновска
c Дата составления 20111019
801 Источник записи _1
a Страна RU
b Организация МБУК ЦБС г. Ульяновска
c Дата составления 20111019
852 Данные о местонахождении __
i Авторский знак С 81
j Шифр хранения 63.3(0)